<?xml version="1.0" encoding="UTF-8"?>
<collection xmlns="http://www.loc.gov/MARC21/slim">
    <record>
        <controlfield tag="001">66112</controlfield>
        <controlfield tag="005">20180223094426.0</controlfield>
        <datafield tag="037" ind1=" " ind2=" ">
            <subfield code="a">GDOC-2016-26313</subfield>
        </datafield>
        <datafield tag="041" ind1=" " ind2=" ">
            <subfield code="a">spa</subfield>
        </datafield>
        <datafield tag="100" ind1=" " ind2=" ">
            <subfield code="0">(orcid)0000-0001-8374-9081</subfield>
            <subfield code="1">184080</subfield>
            <subfield code="a">Garatachea Vallejo, Nuria</subfield>
        </datafield>
        <datafield tag="245" ind1="0" ind2="0">
            <subfield code="9">26313</subfield>
            <subfield code="a">Fundamentos fisiológicos en la actividad física y el deporte</subfield>
        </datafield>
        <datafield tag="260" ind1=" " ind2=" ">
            <subfield code="a">Zaragoza</subfield>
            <subfield code="b">Universidad de Zaragoza</subfield>
            <subfield code="c">2016-2017</subfield>
        </datafield>
        <datafield tag="520" ind1=" " ind2=" ">
            <subfield code="a">Breve presentación de la asignatura
 
 
Se entiende por Fisiología la ciencia que estudia los procesos dinámicos responsables del normal funcionamiento de los seres vivos o las partes que los constituyen. La Fisiología estudia al ser vivo en cuanto se trata de una unidad independiente estructural y funcionalmente y de esta forma se excluyen de su dominio otros aspectos dinámicos de los seres vivos que dependen de la interacción entre conjuntos o colectividades de organismos, de los que se encargan ciencias como la Etología o la Ecología.
La enseñanza de la Fisiología del Ejercicio tiene como objetivo general el conocimiento de las funciones del organismo durante la actividad física, el ejercicio en general y los deportes en particular. 
 
 
 </subfield>
            <subfield code="b"> </subfield>
        </datafield>
        <datafield tag="521" ind1=" " ind2=" ">
            <subfield code="9">113</subfield>
            <subfield code="a">Ciencias de la Actividad Física y del Deporte</subfield>
        </datafield>
        <datafield tag="540" ind1=" " ind2=" ">
            <subfield code="a">by-nc-sa</subfield>
            <subfield code="b">Creative Commons</subfield>
            <subfield code="c">3.0</subfield>
            <subfield code="u">http://creativecommons.org/licenses/by-nc-sa/3.0/</subfield>
        </datafield>
        <datafield tag="700" ind1=" " ind2=" ">
            <subfield code="0">(orcid)0000-0001-8584-3979</subfield>
            <subfield code="1">436000</subfield>
            <subfield code="a">Castro López, Marta</subfield>
        </datafield>
        <datafield tag="830" ind1=" " ind2=" ">
            <subfield code="9">295</subfield>
        </datafield>
        <datafield tag="856" ind1="4" ind2=" ">
            <subfield code="s">10324</subfield>
            <subfield code="u">http://zaguan.unizar.es/record/66112/files/guia-26313-en.pdf</subfield>
            <subfield code="y">Guide (english)</subfield>
        </datafield>
        <datafield tag="856" ind1="4" ind2=" ">
            <subfield code="s">26524</subfield>
            <subfield code="u">http://zaguan.unizar.es/record/66112/files/guia-26313-es.pdf</subfield>
            <subfield code="y">Guía (idioma español)</subfield>
        </datafield>
        <datafield tag="970" ind1=" " ind2=" ">
            <subfield code="a">GDOC-2016-26313</subfield>
        </datafield>
        <datafield tag="980" ind1=" " ind2=" ">
            <subfield code="a">GDOC</subfield>
            <subfield code="b">Ciencias sociales y jurídicas</subfield>
            <subfield code="c">229</subfield>
        </datafield>
    </record>

    
</collection>